| 000 | 00514nam a2200217 454500 | ||
|---|---|---|---|
| 001 | 073204 | ||
| 003 | BD-ChCU | ||
| 008 | Eng | ||
| 020 | _ax | ||
| 040 |
_aDLC _cDLC _dBD-ChCU |
||
| 082 | 0 | 0 | _a182/JAT |
| 100 | 1 |
_aJaeger, Werner.. _bx |
|
| 245 | 1 | 0 |
_aThe theology of the early greek philosophers; _bThe gifford lectures.1936 |
| 250 | _ax | ||
| 260 |
_aLond _bO ,U .P. _c1967 |
||
| 300 | _avi, 259p, | ||
| 504 | _a | ||
| 650 | 0 |
_aPhilosophy-Greek _bPhilosophy |
|
| 700 | 1 | _ax | |
| 942 |
_2ddc _cBK |
||
| 999 |
_c73204 _d73204 |
||